000 00279nam a22001337a 4500
008 171102b xxu||||| |||| 00| 0 eng d
020 _a9789951882507
041 _aalb
080 _a7
100 _a44
101 _aART
245 _aDIZAJNI GRAFIK
_cGUSIA,M
942 _2udc
_cBK
999 _c37341
_d37341